Family nutrition guide / (Record no. 20845)
[ view plain ]
| 000 -LEADER | |
|---|---|
| fixed length control field | 01179nam a2200193Ia 4500 |
| 020 ## - INTERNATIONAL STANDARD BOOK NUMBER | |
| ISBN | 9251052336 |
| 040 ## - CATALOGING SOURCE | |
| Transcribing agency | FQG |
| 082 ## - DEWEY DECIMAL CLASSIFICATION NUMBER | |
| Classification number | 362 FAO 2004 AO42 Or. |
| 100 1# - MAIN ENTRY--AUTHOR NAME | |
| Personal name | Burgess, Ann. |
| 245 10 - TITLE STATEMENT | |
| Title | Family nutrition guide / |
| 300 ## - PHYSICAL DESCRIPTION | |
| Number of Pages | xi, 112 pages : |
| Other physical details | illustrations ; |
| Dimensions | 25 cm |
| 500 ## - GENERAL NOTE | |
| General note | This guide aims to improve the feeding and nutrition of families in developing countries. It is primarily written for health workers, nutritionists, agricultural extensionists or other development workers who design nutrition education materials and activities and work with people at community level. It should also be useful to mothers or other caregivers who want to know more about family feeding, as well as anyone training health staff and other community-level workers. Topics cover basic nutrition, family food security, meal planning, food hygiene and the special feeding needs of children, women and men, and old, sick and malnourished people |
| 500 ## - GENERAL NOTE | |
| General note | "TC/M/Y5740E/1/11.04/3300"--P. [4] of cover |
| 650 #0 - SUBJECT ADDED ENTRY--TOPICAL TERM | |
| Topical Term | Nutrition |
| 650 #0 - SUBJECT ADDED ENTRY--TOPICAL TERM | |
| Topical Term | Malnutrition |
| 700 1# - ADDED ENTRY--PERSONAL NAME | |
| Personal name | Glasauer, Peter. |
| 710 2# - ADDED ENTRY--CORPORATE NAME | |
| Corporate name or jurisdiction name as entry element | Food and Agriculture Organization of the United Nations. |
| 942 ## - ADDED ENTRY ELEMENTS (KOHA) | |
| Koha item type | ADB |
| 952 ## - LOCATION AND ITEM INFORMATION (KOHA) | |
| Withdrawn status [LOCAL, KOHA] | 0 |
| Permanent Location | Date acquired | Koha item type | Lost status | Shelving location | Barcode | Current Location | Full call number |
|---|---|---|---|---|---|---|---|
| Library Block A | 2022-12-27 | ADB | A042 | a069722 | Library Block A | 362 FAO 2004 AO42 Or. |